Potreba poistenia kybernetických rizík v súčasnej dobe bakalárska práca

Salvato in:
Dettagli Bibliografici
Autore principale: Škarpa, Daniel
Ente Autore: Národohospodárska fakulta EU. Katedra poisťovníctva
Altri autori: Snopková, Andrea, 1987-
Natura: Libro
Lingua:slovacco
Pubblicazione: Bratislava 2024
Tags: Aggiungi Tag
Nessun Tag, puoi essere il primo ad aggiungerne!!

MARC

LEADER 00000nbm a2200000 4500
001 0301641
005 20241007142503.1
041 0 |a slo 
044 |a SK 
245 1 0 |a Potreba poistenia kybernetických rizík v súčasnej dobe  |b bakalárska práca  |c Daniel Škarpa ; školiteľ: Andrea Snopková 
264 1 |a Bratislava  |c 2024 
300 |a 48 s. 
100 1 |a Škarpa, Daniel 
700 1 |a Snopková, Andrea, 1987- 
710 2 |a Národohospodárska fakulta EU. Katedra poisťovníctva